La matière-énergie dans ses particules ultimes
Saved in:
| Main Authors: | , |
|---|---|
| Format: | Bog |
| Sprog: | fransk |
| Udgivet: |
París
Dunod
1969
|
| Serier: | Monographies Dunod
|
| Fag: | |
| Tags: |
Tilføj Tag
Ingen Tags, Vær først til at tagge denne postø!
|
MARC
| LEADER | 00000nam a2200000 a 4500 | ||
|---|---|---|---|
| 001 | UCT2266 | ||
| 003 | CL-VaPUC | ||
| 008 | 961011e19690000FR |||||||||||||||||fre|d | ||
| 082 | 0 | 4 | |a 539.1 |b DEB |2 21 |
| 100 | 0 | |a Debiesse, J |e author |9 371323 | |
| 700 | 0 | |a Lemoigne, L |e author |9 371324 | |
| 245 | 1 | 3 | |a La matière-énergie dans ses particules ultimes |
| 300 | |a 126 p | ||
| 942 | |c BK | ||
| 945 | |d 19961011 00:00:00 |a cmena | ||
| 260 | |a París |b Dunod |c 1969 | ||
| 650 | 7 | |a ESTRUCTURA NUCLEAR |2 CL-VaPUC |9 370933 | |
| 650 | 0 | |a Composición de la materia |9 266564 | |
| 650 | 7 | |a FISICA NUCLEAR |2 CL-VaPUC |9 270366 | |
| 650 | 0 | |a Núcleos atómicos |9 357366 | |
| 650 | 0 | |a partículas elementales |9 349874 | |
| 650 | 0 | |a Teoría cuántica |9 266148 | |
| 583 | |a last modification |c 19961011 00:00:00 |k Rodrigo Vera | ||
| 490 | 0 | |a Monographies Dunod | |
| 999 | |c 252448 |d 252446 | ||